| 000 | 00849nam a2200253Ia 4500 | ||
|---|---|---|---|
| 999 |
_c5735 _d5735 |
||
| 020 | _a0-415-39734-0 | ||
| 082 | _a306.60954 REL- | ||
| 245 | 0 | _aReligion and conflict in south and southeast Asia: disrupting violence | |
| 260 |
_aLondon _bRoutledge _c2007 |
||
| 300 | _ax,198 | ||
| 440 | _aAsian security studies | ||
| 504 | _aincludes bibliography and index | ||
| 650 |
_aVoilence _vCongresses _zSouth Asia |
||
| 650 |
_aVoilence _vCongresses _zSoutheast Asia |
||
| 650 |
_aReligion and politics _vCongresses _zSoutheast Asia |
||
| 650 |
_aSouth Asia _vSocial conditions _vCongresses |
||
| 650 |
_aSoutheast Asia _vCongresses _vSocial conditions |
||
| 650 |
_aReligion and politics _vCongresses _zSouth Asia |
||
| 700 | _aGanguly, Sumit | ||
| 700 | _aSimon, Sheldon W. | ||
| 700 | _aScobell, Andrew | ||
| 700 | _aCady, Linell E. | ||
| 942 | _cBK | ||